[Event "ROM-ch U12"]
[Site "Calimanesti"]
[Date "2018.04.03"]
[Round "9"]
[White "Buca, Dragos Stefan"]
[Black "Constantinescu, Calin Theodor"]
[Result "1/2-1/2"]
[WhiteElo "1469"]
[BlackElo "1263"]
[PlyCount "29"]
[EventDate "2018.03.27"]
[EventType "swiss"]
[EventRounds "9"]
[EventCountry "ROU"]
[SourceTitle "CBM 183 Extra"]
[Source "ChessBase"]
[SourceDate "2018.04.19"]
[SourceVersion "1"]
[SourceVersionDate "2018.04.19"]
[SourceQuality "1"]

1. e4 c5 2. Nc3 Nc6 3. f4 e6 4. Nf3 Nge7 5. Bc4 g6 6. d3 Bg7 7. a3 0-0 8. 0-0 b6 9. h3 Bb7 10. g4 Nd4 11. Nb5 Nxb5 12. Bxb5 a6 13. Bc4 d5 14. Ba2 Nc6 15. c3 1/2-1/2

[Event "ROM-ch U12"]
[Site "Calimanesti"]
[Date "2018.03.27"]
[Round "1"]
[White "Veress, Armand"]
[Black "Constantinescu, Calin Theodor"]
[Result "1-0"]
[WhiteElo "1651"]
[BlackElo "1263"]
[PlyCount "65"]
[EventDate "2018.03.27"]
[EventType "swiss"]
[EventRounds "9"]
[EventCountry "ROU"]
[SourceTitle "CBM 183 Extra"]
[Source "ChessBase"]
[SourceDate "2018.04.19"]
[SourceVersion "1"]
[SourceVersionDate "2018.04.19"]
[SourceQuality "1"]

1. e4 e6 2. d4 d5 3. Nd2 Nf6 4. e5 Nfd7 5. Bd3 c5 6. c3 Nc6 7. Ngf3 Be7 8. 0-0 0-0 9. Re1 Qb6 10. Nf1 f6 11. exf6 Nxf6 12. Ng3 cxd4 13. cxd4 Bd6 14. a3 Bxg3 15. hxg3 Bd7 16. b4 Kh8 17. Bb2 a5 18. b5 Na7 19. a4 Rac8 20. Ba3 Rfe8 21. Ne5 Kg8 22. Bc5 Qc7 23. Rc1 Qb8 24. g4 h6 25. Bg6 b6 26. Bf7+ Kh8 27. g5 bxc5 28. gxf6 gxf6 29. Nxd7 Qc7 30. Bxe8 Rxe8 31. Nxf6 Rf8 32. Rxe6 Qf4 33. Ng4 1-0

[Event "ROM-ch U08"]
[Site "Calimanesti"]
[Date "2015.04.02"]
[Round "5"]
[White "Ulian, Andrei Octavian"]
[Black "Constantinescu, Calin Theodor"]
[Result "1-0"]
[WhiteElo "1440"]
[BlackElo "1154"]
[PlyCount "62"]
[EventDate "2015.03.30"]
[EventType "swiss"]
[EventRounds "9"]
[EventCountry "ROU"]
[SourceTitle "CBM 165 Extra"]
[Source "ChessBase"]
[SourceDate "2015.04.21"]
[SourceVersion "1"]
[SourceVersionDate "2015.04.21"]
[SourceQuality "1"]

1. e4 e5 2. Nf3 Nc6 3. d4 d6 4. dxe5 dxe5 5. Qxd8+ Kxd8 6. Bc4 Nh6 7. Bxh6 gxh6 8. Bxf7 Nb4 9. Bb3 Bg7 10. Nc3 b6 11. 0-0-0+ Ke7 12. a3 Na6 13. Nd5+ Kf8 14. Ne3 Nc5 15. Bd5 Rb8 16. Nc4 Bg4 17. Bc6 Ke7 18. b4 b5 19. Ne3 Be6 20. bxc5 b4 21. axb4 Rxb4 22. Nd5+ Bxd5 23. exd5 a5 24. d6+ cxd6 25. cxd6+ Kd8 26. Rd5 e4 27. Ne5 Rf8 28. Rxa5 Rb8 29. Ng4 Rc8 30. Bxe4 Rf4 31. f3 h5 1-0